000 00886nam a22002057a 4500
999 _c57977
_d57977
003 Ge_BSU
005 20210415125056.0
008 210414s2009 ge ||||| |||| 00| 0 geo d
020 _a9789941125430
041 _ageo
080 _a005.915 (075.8) + 336.131 ბ–53
100 _aბერიძე, როსტომ
_91686
245 _aსაბანკო მენეჯმენტი :
_bსახელმძღვანელო /
_cროსტომ ბერიძე ; რედ. გიორგი ღავთაძე.
264 _aთბილისი :
_b უნივერსალი,
_c 2009.
300 _a364 გვ. :
_bცხრ., ნახ.;
_c20 სმ.
653 _aმენეჯმენტი.
653 _aბანკები.
700 _aღავთაძე, გიორგი
_eრედაქტორი
_9846
942 _2udc
_cBK